| 000 | 00378nam a2200145Ia 4500 | ||
|---|---|---|---|
| 008 | 240624s9999 xx 000 0 und d | ||
| 041 | _aeng | ||
| 082 | _a658.7 FAR | ||
| 100 | _aFAROOQUI S U | ||
| 245 | _aENCYCLOPAEDIA OF SUPPLY CHAIN MANAGEMENT | ||
| 260 |
_c2009 _aMumbai _bHimalaya Books Pvt. Ltd. |
||
| 300 | _aix, : 321 : p. : cm. ; 22 | ||
| 365 |
_cRS _b25 |
||
| 440 | _v2 | ||
| 999 |
_c14847 _d14847 |
||